Memoria /
Na minha lista:
| Autor principal: | |
|---|---|
| Outros Autores: | |
| Formato: | Desconhecido |
| Publicado em: |
Alajuela:
Colegio Universitario de Alajuela CUNA
|
| Assuntos: | |
| Tags: |
Adicionar Tag
Sem tags, seja o primeiro a adicionar uma tag!
|
MARC
| LEADER | 00000 a2200000 04500 | ||
|---|---|---|---|
| 001 | 19430 | ||
| 003 | |||
| 008 | 991231s d | ||
| 040 | |||
| 090 | |a 145905 | ||
| 100 | |a Muñoz Mena, Javier | ||
| 245 | |a Memoria / |c Javier Muñoz Mena | ||
| 260 | |a Alajuela: |b Colegio Universitario de Alajuela CUNA | ||
| 300 | |a 202 (pag. cortada) | ||
| 650 | |a INCENDIOS FORESTALES | ||
| 650 | |a DESASTRES NATURALES | ||
| 650 | |a PREVENCION DE DESASTRES | ||
| 650 | |a LUCHA CONTRA INCENDIOS | ||
| 700 | |a Torres Hernández, Marvin | ||
| 999 | |c 10938 |d 10938 | ||
